Quadern de viatge : comarques de Barcelona : propostes úniques i experiències inoblidables comarques de Barcelona :
Descripción Física:
27 pàgines : il·lustracions ; 24 cm
Materias:
Barcelona (Catalunya : Província) -- Descripcions i viatges
; Barcelona (Catalunya : Província) -- Guies
Idioma:
Catalán
MARC
| LEADER | 00000nam a2200000 a 4500 | ||
|---|---|---|---|
| 001 | 25722 | ||
| 008 | 220531b spa||||| |||| 00| 0 cat d | ||
| 017 | |a DL B 20472-2015 | ||
| 080 | |a FU-70-1 | ||
| 245 | |a Quadern de viatge : |b comarques de Barcelona : |b propostes úniques i experiències inoblidables | ||
| 260 | |a Barcelona : |b Diputació de Barcelona, |c 2014 | ||
| 300 | |a 27 pàgines : |b il·lustracions ; |c 24 cm | ||
| 500 | |a A la portada: "Barcelona és Molt Més". | ||
| 590 | |a Text en català. Hi ha un altre exemplar en anglès amb R. 23726, en castellà amb R. 23728 i en francès amb R. 23888 | ||
| 651 | 0 | |a Barcelona (Catalunya : Província) |x Descripcions i viatges |9 52924 | |
| 651 | 0 | |a Barcelona (Catalunya : Província) |9 52676 |v Guies | |
| 710 | 2 | |a Barcelona és Molt Més |e marca turística |9 51323 | |
| 710 | 1 | |a Barcelona (Catalunya : Província). |b Diputació |9 52408 | |
| 901 | |a Arxiu | ||
| 942 | |n 1 |2 udc |c ARXIU | ||
| 952 | |0 0 |1 0 |4 0 |6 FU701 |7 1 |9 62113 |a Arxiu |b Arxiu |d 2022-05-31 |l 0 |o FU-70-1 |p 25722 |r 2022-05-31 00:00:00 |w 2022-05-31 |y ARXIU | ||
| 999 | |c 81818 |d 81818 | ||